000 00749nam a22002297a 4500
005 20170124110213.0
010 _aA-285787
020 _c00.00
035 _aA-285787
037 _bCen Lib/Ret
040 _aDPL
_bEN
082 _a025.32
_bKRI
100 _aKrishan Kumar
_939940
245 _aAn introduction to AACR2 :
_cby Krishan Kumar
_bAnglo-American cataloguing rules - second edition /
260 _aNew Delhi
_bVikas Publishing House
_c1986
270 _a5,Ansari Road
_bNew Delhi
_e110002
300 _avi,217p.
_c20cm(Hb)
500 _aIncludes index
650 _aAnglo-American cataloguing rules. -- 2nd ed
_938637
650 _aDescriptive cataloging -- Rules
_938638
942 _2ddc
_cEN
_h025.32
_mKRI
999 _c133686
_d133686